000 00449nam a2200133Ia 4500
008 100328s9999 xx 000 0 und d
082 _b32098
100 _aचेंदवणकर सदानंद
245 _aभारतीय शास्त्रज्ञ
260 _bसुविचार
630 _aभारतीय शास्त्रज्ञ
730 _aभारतीय शास्त्रज्ञ
942 _cBOOK
999 _c522903
_d522900